Cuentos breves y maravillosos. (Registro nro. 19432)

Detalles MARC
000 -CABECERA
Longitud fija campo de control 00670nam a22001937a 4500
003 - IDENTIFICADOR DELl NÚMERO DE CONTROL
Identificador del número de control OSt
005 - FECHA Y HORA DE LA ÚLTIMA TRANSACCIÓN
Fecha y hora de la última transacción 20150310213001.0
008 - CÓDIGOS DE INFORMACIÓN DE LONGITUD FIJA
Códigos de información de longitud fija 150310b xxu||||| |||| 00| 0 eng d
040 ## - FUENTE DE LA CATALOGACIÓN
Centro transcriptor BMC
082 ## - NÚMERO DE LA CLASIFICACIÓN DECIMAL DEWEY
Númeroo de clasificación 808.0687284
100 1# - PUNTO DE ACCESO PRINCIPAL-NOMBRE DE PERSONA
Nombre de persona Menén Desleal, Álvaro
9 (RLIN) 27712
Fechas asociadas al nombre 1931-2000
245 10 - MENCIÓN DE TÍTULO
Título Cuentos breves y maravillosos.
Mención de responsabilidad, etc. Alvaro Menen Desleal ; Viñeta de Carlos Cañas
260 ## - PUBLICACIÓN, DISTRIBUCIÓN, ETC. (PIE DE IMPRENTA)
Lugar de publicación, distribución, etc. San Salvador
Nombre del editor, distribuidor, etc. Ministerio de Educación, Dirección General de Publicaciones
Fecha de publicación, distribución, etc. cop. 1963
300 ## - DESCRIPCIÓN FÍSICA
Extensión 183 p., 3 h.
Dimensiones 19 cm
490 ## - MENCIÓN DE SERIE
Mención de serie Certamen nacional de cultura
Designación de volumen o secuencia 24
650 24 - PUNTO DE ACCESO ADICIONAL DE MATERIA - TÉRMINO DE MATERIA
9 (RLIN) 29639
Término de materia o nombre geográfico como elemento inicial Cuentos salvadoreños
700 1# - PUNTO DE ACCESO ADICIONAL - NOMBRE DE PERSONA
9 (RLIN) 19909
Nombre de persona Cañas-Dinarte, Carlos
942 ## - ENTRADA DE ELEMENTOS AGREGADOS (KOHA)
Fuente de clasificaión o esquema Dewey Decimal Classification
Koha [por defecto] tipo de item 1- Monografias
Parte de clasificación ahoj
Existencias
Suprimido Perdido Fuente de clasificación o esquema Estropeado Restricciones de uso No para préstamo Código de colección Localización permanente Localización actual Localización en estanter&íacute;as Fecha adquisición Fuente de adquisición Número de inventario Préstamos totales Signatura completa Código de barras Fecha última consulta Coste, precio reemplazado Fecha del precio de reemplazo Tipo de item de Koha
NULL NULL Dewey Decimal Classification NULL Prestable NULL NULL Biblioteca Miguel de Cervantes - UNICAES Biblioteca Miguel de Cervantes - UNICAES Sala Principal 20/03/2015 Donación - Mayorga Rivas 029265   C MEN cue 1029918 20/03/2015 18.00 20/03/2015 1- Monografias